000
00334nam a22001577a 4500
003
SGT
020
_a
9788131264492
082
_a
616.07
_b
W23P
100
_a
PATEL, MANSUKH B.
245
_a
WARD PROCEDURES
250
_a
7TH
260
_a
INDIA
_b
JAYPEE PUB
_c
2023
300
_a
419
650
_a
HOSPITAL WARD
942
_2
ddc
_c
BK
999
_c
27341
_d
27341